<?xml version="1.0" encoding="UTF-8"?>
<record
    xmlns:xsi="http://www.w3.org/2001/XMLSchema-instance"
    xsi:schemaLocation="http://www.loc.gov/MARC21/slim http://www.loc.gov/standards/marcxml/schema/MARC21slim.xsd"
    xmlns="http://www.loc.gov/MARC21/slim">

  <leader>01892nam a22004097a 4500</leader>
  <controlfield tag="003">DO-SdBNP</controlfield>
  <controlfield tag="005">20230310094547.0</controlfield>
  <controlfield tag="007">ta</controlfield>
  <controlfield tag="008">220901b    2001|||a| |e |||| 00| 0 spa d</controlfield>
  <datafield tag="040" ind1=" " ind2=" ">
    <subfield code="a">DO-SdBNP</subfield>
    <subfield code="b">spa</subfield>
    <subfield code="c">BNPHU</subfield>
  </datafield>
  <datafield tag="041" ind1=" " ind2=" ">
    <subfield code="h">eng</subfield>
    <subfield code="d">ingl&#xE9;s y espa&#xF1;ol</subfield>
  </datafield>
  <datafield tag="082" ind1=" " ind2="4">
    <subfield code="2">22</subfield>
    <subfield code="a">759.97293</subfield>
    <subfield code="b">P181J</subfield>
  </datafield>
  <datafield tag="100" ind1="1" ind2="0">
    <subfield code="a">Palomero, Federica</subfield>
    <subfield code="9">82315</subfield>
    <subfield code="e">Ensayos</subfield>
  </datafield>
  <datafield tag="245" ind1="1" ind2="0">
    <subfield code="a">Julio Valdez :</subfield>
    <subfield code="b">los sacrificios fecundos / </subfield>
    <subfield code="c">Federica Palomero, Judith B. Hecker ; traducciones,  Leslie Gabald&#xF3;n y Lorenzo Mans ; editores, RuthTrombka y  Jos&#xE9; Bobadilla ; fotograf&#xED;as, Steven Bates y Becket Logan  </subfield>
  </datafield>
  <datafield tag="246" ind1=" " ind2=" ">
    <subfield code="a">Sacrificios fecundos</subfield>
  </datafield>
  <datafield tag="260" ind1=" " ind2=" ">
    <subfield code="a">La Romana, Rep&#xFA;blica Dominicana : </subfield>
    <subfield code="b">Centro Cultural Altos de Chav&#xF3;n,</subfield>
    <subfield code="c">2001.</subfield>
  </datafield>
  <datafield tag="300" ind1=" " ind2=" ">
    <subfield code="a">56 p.:</subfield>
    <subfield code="b">il.; </subfield>
    <subfield code="c">30 cm</subfield>
  </datafield>
  <datafield tag="500" ind1=" " ind2=" ">
    <subfield code="a">Incluye datos biogr&#xE1;ficos del autor en la solapa de la contraportada del libro, en ingl&#xE9; y espa&#xF1;&#xF3;l.</subfield>
  </datafield>
  <datafield tag="504" ind1=" " ind2=" ">
    <subfield code="a">Bibliograf&#xED;a seleccionada : p. 55.</subfield>
  </datafield>
  <datafield tag="546" ind1=" " ind2=" ">
    <subfield code="a">Ingl&#xE9;s y espa&#xF1;ol.</subfield>
  </datafield>
  <datafield tag="590" ind1=" " ind2=" ">
    <subfield code="a">Inventariado, 2022 / SA</subfield>
  </datafield>
  <datafield tag="600" ind1=" " ind2="4">
    <subfield code="a">Valdez, Julio</subfield>
    <subfield code="d">1969-</subfield>
    <subfield code="x">Cr&#xED;tica e interpretaci&#xF3;n</subfield>
    <subfield code="9">82316</subfield>
  </datafield>
  <datafield tag="610" ind1=" " ind2="4">
    <subfield code="a">Fundaci&#xF3;n Centro Cultural Altos de Chav&#xF3;n</subfield>
    <subfield code="b">School  of Desigh</subfield>
    <subfield code="9">82318</subfield>
  </datafield>
  <datafield tag="650" ind1=" " ind2="4">
    <subfield code="9">368</subfield>
    <subfield code="a">Pintura dominicana</subfield>
    <subfield code="v">Cat&#xE1;logos</subfield>
    <subfield code="z">La Romana, Rep&#xFA;blica Dominicana</subfield>
  </datafield>
  <datafield tag="650" ind1=" " ind2="4">
    <subfield code="9">54101</subfield>
    <subfield code="a">Arte dominicano</subfield>
    <subfield code="x">Exposiciones</subfield>
    <subfield code="y">Siglo XX</subfield>
    <subfield code="2">La Romana, Rep&#xFA;blica Dominicana</subfield>
  </datafield>
  <datafield tag="650" ind1=" " ind2="4">
    <subfield code="9">23496</subfield>
    <subfield code="a">Arte dominicano</subfield>
    <subfield code="x">Ensayo</subfield>
    <subfield code="v">Dibujo</subfield>
    <subfield code="v">Pintura</subfield>
  </datafield>
  <datafield tag="650" ind1=" " ind2="0">
    <subfield code="9">7454</subfield>
    <subfield code="a">Dibujo</subfield>
    <subfield code="x">Cat&#xE1;logo</subfield>
    <subfield code="v">Exposiciones</subfield>
    <subfield code="z">2001-2002</subfield>
    <subfield code="y">La Romana, Rep&#xFA;blico Dominicana</subfield>
  </datafield>
  <datafield tag="700" ind1=" " ind2="1">
    <subfield code="a">Hecker, Judith B.</subfield>
    <subfield code="9">82317</subfield>
    <subfield code="e">ensayo</subfield>
  </datafield>
  <datafield tag="700" ind1=" " ind2="1">
    <subfield code="a">Trombka, Ruth</subfield>
    <subfield code="e">editor</subfield>
    <subfield code="9">82319</subfield>
  </datafield>
  <datafield tag="700" ind1=" " ind2="1">
    <subfield code="a">Bobadilla Jos&#xE9;</subfield>
    <subfield code="e">editor</subfield>
    <subfield code="9">24677</subfield>
  </datafield>
  <datafield tag="700" ind1=" " ind2="1">
    <subfield code="a">Gabald&#xF3;n, Leslie </subfield>
    <subfield code="e">trad.</subfield>
    <subfield code="9">82320</subfield>
  </datafield>
  <datafield tag="700" ind1=" " ind2="1">
    <subfield code="a">Mans, Lorenzo </subfield>
    <subfield code="e">trad.</subfield>
    <subfield code="9">82321</subfield>
  </datafield>
  <datafield tag="700" ind1=" " ind2="1">
    <subfield code="a">Bates, Steven </subfield>
    <subfield code="e">fot.</subfield>
    <subfield code="9">82322</subfield>
  </datafield>
  <datafield tag="700" ind1=" " ind2="1">
    <subfield code="a">Logan, Becket </subfield>
    <subfield code="e">fot.</subfield>
    <subfield code="9">82323</subfield>
  </datafield>
  <datafield tag="910" ind1=" " ind2=" ">
    <subfield code="a">Validado. Control de calidad. MAA</subfield>
  </datafield>
  <datafield tag="942" ind1=" " ind2=" ">
    <subfield code="2">ddc</subfield>
    <subfield code="c">LBS1</subfield>
  </datafield>
  <datafield tag="952" ind1=" " ind2=" ">
    <subfield code="0">0</subfield>
    <subfield code="1">0</subfield>
    <subfield code="2">ddc</subfield>
    <subfield code="5">1</subfield>
    <subfield code="7">0</subfield>
    <subfield code="8">PD</subfield>
    <subfield code="a">BNPHU</subfield>
    <subfield code="b">BNPHU</subfield>
    <subfield code="c">CT</subfield>
    <subfield code="d">2018-07-03</subfield>
    <subfield code="e">Donado</subfield>
    <subfield code="o">BNPHU PD 759.97293 P181J</subfield>
    <subfield code="p">2022-3875</subfield>
    <subfield code="r">2022-09-01</subfield>
    <subfield code="w">2022-09-01</subfield>
    <subfield code="y">LBS1</subfield>
  </datafield>
  <datafield tag="999" ind1=" " ind2=" ">
    <subfield code="c">52357</subfield>
    <subfield code="d">52357</subfield>
  </datafield>
</record>
